000 00778nam a2200265 a 4500
001 55335
003 BD-RjUL
005 20211209080241.0
008 161116s1982 njua 001 0 eng
020 _a0135807204
020 _a0135807123 (pbk.)
035 _a(BD-RjUL)55457
040 _aDLC
_cDLC
_dBD-RjUL
_beng
041 _aeng
082 0 0 _a004.6
_223
_bDEM 1982
100 1 _aDerfler, Frank J.
_9164851
245 1 0 _aMicrocomputer data communication systems /
_cFrank J. Derfler, Jr.
260 _aEnglewood Cliffs, N.J. :
_bPrentice-Hall,
_cc1982.
300 _aix, 129 p. :
_bill. ;
_c25 cm.
500 _a"A Spectrum book."
500 _aIncludes index.
650 0 _aData transmission systems.
_9164852
650 0 _aMicrocomputers.
_9164853
942 _2ddc
_cBK
999 _c55335
_d55335